| 000 | 00955nam a22002057a 4500 | ||
|---|---|---|---|
| 003 | OSt | ||
| 005 | 20151026133603.0 | ||
| 008 | 130718s1992 sp ||||| |||| 00| 0 spa d | ||
| 040 | _cCDMR | ||
| 100 | 1 |
_93979 _aAnsuátegui Roig, Francisco Javier |
|
| 245 | 1 | 0 |
_aOrígenes doctrinales de la libertad de expresión _cFrancisco Javier Ansuátegui Roig ; Gregorio Peces-Barba Martínez(director) _h[recurs electrònic] |
| 260 |
_aMadrid _c1992 |
||
| 502 |
_aTesi defensada el 19 de setembre de 1992, _cUniversidad Carlos III de Madrid. Departamento de Derecho Público y Filosofía del Derecho. Área de Filosofía del Derecho, Moral y Política |
||
| 650 | 0 | 4 |
_93073 _aLlibertat d'expressió |
| 650 | 0 | 4 |
_92994 _aTesis i dissertacions acadèmiques |
| 700 | 1 |
_93980 _aPeces-Barba Martínez, Gregorio |
|
| 710 | 2 |
_93935 _aUniversidad Carlos III de Madrid |
|
| 856 | 4 | 0 |
_uhttp://e-archivo.uc3m.es/handle/10016/15830 _yDisponible en línia (UC3) |
| 942 |
_2udc _cTSN-E |
||
| 999 |
_c6608 _d6608 |
||